000 00801nam a2200241 i 4500
001 182546
003 ES-MaACL
005 20250831060720.0
008 130916s2012 sp |||| | spa d
020 _a978-84-940625-2-0
100 0 _aCarrillo, Vladimir.
_935767
245 1 0 _aEn el tiempo de la bala y la salamandra /
_cVladimir Carrrillo ; [prólogo de Ignacio Merino].
260 _a[Madrid] :
_bAtanor,
_c2012.
300 _a477 p. :
_bil. ;
_c23 cm.
490 1 _aAtanor documentos
600 1 4 _aTorres, Gilberto.
_9153429
650 0 4 _aTerrorismo de Estado-
_zColombia
_917510
700 1 _aMerino, Ignacio.
_980516
830 0 _aAtanor documentos
_9191761
852 _aES-MaACL
_jA-12926
_9189459
_bR.149060
_cDEPO1
_dOlim: N-5926
942 _2udc
_cMONOGRAFIA
999 _c182546
_d182546